Desarrollo, geografía y teoría económica / (Registro nro. 6574)

Detalles MARC
000 -LEADER
fixed length control field 02577nam a2200337Ia 4500
003 - CONTROL NUMBER IDENTIFIER
control field OSt
005 - DATE AND TIME OF LATEST TRANSACTION
control field 20200306114045.0
008 - FIXED-LENGTH DATA ELEMENTS--GENERAL INFORMATION
fixed length control field 130821t1995 sp ad fr 1 0dspa
020 ## - INTERNATIONAL STANDARD BOOK NUMBER
International Standard Book Number 8485855825
040 ## - CATALOGING SOURCE
Original cataloging agency Co-BoUCM
Transcribing agency CO-JMCR
041 00 - LANGUAGE CODE
Language code of text/sound track or separate title spa
082 04 - DEWEY DECIMAL CLASSIFICATION NUMBER
Classification number 330.9 /
Item number K943d
Edition number 20
100 1# - MAIN ENTRY--PERSONAL NAME
Personal name Krugman, Paul,
Relator term autor
9 (RLIN) 825
245 10 - TITLE STATEMENT
Title Desarrollo, geografía y teoría económica /
Statement of responsibility, etc. Paul Krugman ; traducción de Adelina Comas
260 ## - PUBLICATION, DISTRIBUTION, ETC.
Place of publication, distribution, etc. Barcelona :
Name of publisher, distributor, etc. Antoni Bosch
Date of publication, distribution, etc. ©1995
300 ## - PHYSICAL DESCRIPTION
Extent 113 páginas :
Other physical details gráficos a blanco y negro ;
Dimensions 22 cm.
500 ## - GENERAL NOTE
General note Incluye datos biográficos del autor en solapa.
500 ## - GENERAL NOTE
General note Titulo original: Development geography, and economic theory.
500 ## - GENERAL NOTE
General note Incluye índice analítico páginas [111]-113
504 ## - BIBLIOGRAPHY, ETC. NOTE
Bibliography, etc. note Bibliografía: páginas [109]-110
505 0# - FORMATTED CONTENTS NOTE
Formatted contents note La caída y el resurgimiento de la economía del desarrollo -- Geografía perdida y encontrada -- Modelos y metáforas
520 ## - SUMMARY, ETC.
Summary, etc. ¿Por qué en economía ciertas ideas se consolidan mientras que otras son descartadas? Paul Krugman sostiene que la reticencia de los economistas a pensar sobre los temas difíciles de formalizar les ha llevado a ignorar ideas que han resultado ser, retrospectivamente, muy buenas. Krugman examina la evolución de la geografía económica y de la teoría del desarrollo económico con la intención de entender la naturaleza de la investigación económica. El autor describe cómo la teoría del desarrollo perdió su enorme influencia y prácticamente desapareció del discurso económico al quedar patente que algunas de sus principales constataciones no podían modelarse con claridad. Parece que la geografía económica tuvo un sino aún peor, al evitar los economistas todos los temas relacionados con el espacio por que no se adaptan a los instrumentos disponibles. El libro de Krugman no es, sin embargo una llamada al abandono de los modelos económicos. Por el contrario, explica porque vale la pena insistir en la construcción de modelos económicos aunque esto fuerce ocasionalmente a los economistas a desechar buenas ideas. En paralelo con este análisis, Krugman ofrece una visión panorámica de los avances más recientes en geografía económica y teoría del desarrollo económico.
546 ## - LANGUAGE NOTE
Language note Traducido del inglés.
650 14 - SUBJECT ADDED ENTRY--TOPICAL TERM
Topical term or geographic name entry element Desarrollo económico
9 (RLIN) 12956
650 14 - SUBJECT ADDED ENTRY--TOPICAL TERM
Topical term or geographic name entry element Economía internacional
9 (RLIN) 7543
650 14 - SUBJECT ADDED ENTRY--TOPICAL TERM
Topical term or geographic name entry element Economía
9 (RLIN) 174
650 14 - SUBJECT ADDED ENTRY--TOPICAL TERM
Topical term or geographic name entry element Geografía económica
9 (RLIN) 16347
650 14 - SUBJECT ADDED ENTRY--TOPICAL TERM
Topical term or geographic name entry element Teoría económica
9 (RLIN) 25318
700 1# - ADDED ENTRY--PERSONAL NAME
Personal name Comas, Adelina,
Relator term tradructora
9 (RLIN) 826
942 ## - ADDED ENTRY ELEMENTS (KOHA)
Source of classification or shelving scheme Dewey Decimal Classification
Koha item type Books
Existencias
Withdrawn status Lost status Source of classification or shelving scheme Damaged status Not for loan Home library Current library Date acquired Source of acquisition Cost, normal purchase price Total Checkouts Total Renewals Full call number Barcode Date last seen Date last checked out Copy number Price effective from Koha item type
    Dewey Decimal Classification     Biblioteca Pública José María del Castillo y Rada Biblioteca Pública José María del Castillo y Rada 12/19/2019 Donación 0.00 3 2 338.9 / K783d 430005967 10/09/2024 10/08/2024 Ej.1 02/21/2020 Books